Luật đấu thầu : (có hiệu lực từ 01-04-2006)
Shranjeno v:
| Format: | Knjiga |
|---|---|
| Izdano: |
Nxb. Tổng hợp Tp.HCM
2006
|
| Oznake: |
Označite
Brez oznak, prvi označite!
|
| Thư viện lưu trữ: | Mạng thư viện Đại học Đà Nẵng |
|---|
| LEADER | 00598nam a2200217 a 4500 | ||
|---|---|---|---|
| 001 | 000029778 | ||
| 003 | 24176 | ||
| 005 | 20171030145630.0 | ||
| 008 | 171030s2006 | ||
| 020 | |c 12000 | ||
| 040 | |a LTT | ||
| 082 | 0 | |a 343.6 |b Lu-Đ | |
| 245 | 0 | 0 | |a Luật đấu thầu : (có hiệu lực từ 01-04-2006) |c Quốc Cường, Thanh Thảo sưu tầm và hệ thống hoá. |
| 260 | |b Nxb. Tổng hợp Tp.HCM |c 2006 | ||
| OWN | |a LTT | ||
| 999 | |a From the UDN01 | ||
| TYP | |a Monograph | ||
| TYP | |a Printed language | ||
| 980 | |a Mạng thư viện Đại học Đà Nẵng | ||